书目信息 |
| 题名: |
兽医生物制品制备技术
|
|
| 作者: | 王宪文 , 王新卫 主编 | |
| 分册: | ||
| 出版信息: | 北京 中国农业科学技术出版社 2007.08 |
|
| 页数: | 264页 | |
| 开本: | 26cm | |
| 丛书名: | ||
| 单 册: | ||
| 中图分类: | S859.79 | |
| 科图分类: | ||
| 主题词: | 兽医学--shou yi xue--生物制品--制备 | |
| 电子资源: | ||
| ISBN: | 978-7-80233-322-2 | |
| 000 | 00854nam0 2200241 450 | |
| 001 | 012008571640 | |
| 005 | 20080617175710.23 | |
| 010 | @a978-7-80233-322-2@dCNY32.00 | |
| 100 | @a20080617d2007 em y0chiy0120 ea | |
| 101 | 0 | @achi |
| 102 | @aCN@b110000 | |
| 105 | @aak z 000yy | |
| 106 | @ar | |
| 200 | 1 | @a兽医生物制品制备技术@Ashou yi sheng wu zhi pin zhi bei ji shu@f王宪文, 王新卫主编@Fwang xian wen,wang xin wei zhu bian |
| 210 | @a北京@c中国农业科学技术出版社@d2007.08 | |
| 215 | @a264页@c图@d26cm | |
| 330 | @a本书介绍了畜禽常用生物制品制备技术、新型生物制品制备的原理和方法、兽医生物制品制备相关技术等内容。 | |
| 606 | 0 | @a兽医学@Ashou yi xue@x生物制品@x制备 |
| 690 | @aS859.79@v4 | |
| 701 | 0 | @a王宪文@Awang xian wen@4主编 |
| 701 | 0 | @a王新卫@Awang xin wei@4主编 |
| 801 | 0 | @aCN@bQSSK@c20080617 |
| 905 | @b728038-39@dS859.79@eW387@f2 | |
| 兽医生物制品制备技术/王宪文, 王新卫主编.-北京:中国农业科学技术出版社,2007.08 |
| 264页:图;26cm |
| ISBN 978-7-80233-322-2:CNY32.00 |
| 本书介绍了畜禽常用生物制品制备技术、新型生物制品制备的原理和方法、兽医生物制品制备相关技术等内容。 |
| ● |
| 相关链接 |
|
|
|
正题名:兽医生物制品制备技术
索取号:S859.79/W387
 
预约/预借
| 序号 | 登录号 | 条形码 | 馆藏地/架位号 | 状态 | 备注 |
| 1 | 728038 | 207280388 | 自科库401/401自科库 2排2列3层/ [索取号:S859.79/W387] | 在馆 | |
| 2 | 728039 | 207280397 | 自科库401/401自科库 2排2列3层/ [索取号:S859.79/W387] | 在馆 |